El umbral roto: escritos en antropología poetica

Sparad:
Bibliografiska uppgifter
Huvudupphovsman: Olivares Toledo, Juan Carlos (autor)
Materialtyp: Bok
Språk:spanska
Publicerad: Santiago Fondo Matta 1995
Serie:Colección La Historia Escondida en Toda Historia
Ämnen:
Taggar: Lägg till en tagg
Inga taggar, Lägg till första taggen!

MARC

LEADER 00000nam a2200000 a 4500
001 UCP1510
003 CL-VaPUC
008 990416e19950000CL |||||||||||||||||spa|d
082 0 4 |a 301  |b OLI  |2 21 
100 |a Olivares Toledo, Juan Carlos  |e autor  |9 427578 
245 1 3 |a El umbral roto: escritos en antropología poetica 
300 |a 107 p 
942 |c BK 
945 |d 19990416 00:00:00  |a rbrito 
260 |a Santiago  |b Fondo Matta  |c 1995 
650 0 |a Antropología   |9 233030 
650 0 |a Etnografía   |9 309735 
583 |a last modification  |c 19990416 00:00:00  |k Rodrigo Vera 
490 0 |a Colección La Historia Escondida en Toda Historia 
999 |c 280180  |d 280178 
952 |0 0  |1 0  |4 0  |6 301_000000000000000_OLI_1995  |7 0  |8 A  |9 320369  |a BIBCUR  |b BIBCUR  |d 2019-11-20  |i 3506533  |o 301 OLI 1995  |p 3506533  |r 2025-04-22  |w 2019-11-20  |y BK  |k PER